000 00287nam a2200133Ia 4500
008 231017s9999 xx 000 0 und d
082 _a624.25
082 _bMAS
245 0 _aSeismic bridge design applications
245 0 _cFHWA
260 _bFHWA
300 _c30cm
942 _cREP
999 _c605657
_d605657